• 首页
  • 本馆介绍
  • 公告通知
  • 最新文献
  • 馆藏检索
  • 电子资源
  • 读者导购
  • 参考咨询
  • 我的图书馆
  • 登录
  • 详细信息显示
  • 放入我的书架
  • 预约/预借图书
  • 作者相关作品
  • 分类相关作品
  • 丛书相关作品
  • 出版社相关作品

书目信息

  • 表格格式
  • 工作单格式
  • 卡片格式
题名:
古典形式美·豪宅设计
    
 
作者: ;度本图书 编著
分册:  
出版信息: 南京   江苏科学技术出版社  2013.09
页数: 297页
开本: 29cm
丛书名:
单 册:
中图分类: TU241.1
科图分类:
主题词: 住宅--zhu zhai--室内装饰设计--图集 , 住宅--zhu zhai , 室内装饰设计--shi nei zhuang shi she ji
电子资源:
ISBN: 978-7-5537-1646-6
000 00935nam0 2200253 450
001 0109110148
005 20201109110337.0
010    @a978-7-5537-1646-6@b精装@dCNY298.00
100    @a20140429e20202013em y0chiy50 ea
101 0  @achi@aeng
102    @aCN@b320000
105    @aa z 000yy
106    @ar
200 1  @a古典形式美·豪宅设计@Agu dian xing shi mei · hao zhai she ji@f度本图书编著
210    @a南京@c江苏科学技术出版社@d2013.09@h2020.07
215    @a297页@d29cm
330    @a本书在全球范围内精选了几十例融入西方古典风格的当代建筑及室内作品,其中包括公寓、别墅等类别,用全新的视角展示了现代设计理念的引领下的新古典美学所呈现出的独特艺术魅力。
606 0  @a住宅@Azhu zhai@x室内装饰设计@j图集
606 0  @a住宅@Azhu zhai
606 0  @a室内装饰设计@Ashi nei zhuang shi she ji
690    @aTU241.1@v5
711 02 @a度本图书@Adu ben tu shu@4编著
801  0 @aCN@bBJSZM@c20201103
905    @b1213825-6@dTU241.1@e1709@f2
    
    古典形式美·豪宅设计/度本图书编著.-南京:江苏科学技术出版社,2013.09(2020.07)
    297页;29cm
    
    
    ISBN 978-7-5537-1646-6(精装):CNY298.00
    本书在全球范围内精选了几十例融入西方古典风格的当代建筑及室内作品,其中包括公寓、别墅等类别,用全新的视角展示了现代设计理念的引领下的新古典美学所呈现出的独特艺术魅力。
●
相关链接 在E读中查询图书 在五车中查询图书 在当当中查询图书 在豆瓣中查询图书


正题名:古典形式美·豪宅设计     索取号:TU241.1/1709         预约/预借

序号 登录号 条形码 馆藏地/架位号 状态 备注
1 1213825   212138257   第二样本阅览室/ [索取号:TU241.1/1709] 在馆    
2 1213826   212138266   第三借阅区/ [索取号:TU241.1/1709] 在馆    
唐山师范学院图书馆 欢迎您!
大连网信软件有限公司© 版权所有